Vrudhaani Aarogya Kase Raakhaawe. (Record no. 354299)

MARC details
000 -LEADER
fixed length control field 004220000a22001930004500
005 - DATE AND TIME OF LATEST TRANSACTION
control field 20120302061551.0
040 ## - CATALOGING SOURCE
Original cataloging agency MAR
100 ## - MAIN ENTRY--PERSONAL NAME
Personal name Aathawale,Na.Vi.
245 ## - TITLE STATEMENT
Title Vrudhaani Aarogya Kase Raakhaawe.
250 ## - EDITION STATEMENT
Edition statement 4
260 ## - PUBLICATION, DISTRIBUTION, ETC. (IMPRINT)
Place of publication, distribution, etc Pune:Anmol Prakaashan,1977.
300 ## - PHYSICAL DESCRIPTION
Extent 54p.
365 ## - TRADE PRICE
Price amount 3/-
650 ## - SUBJECT ADDED ENTRY--TOPICAL TERM
Topical term or geographic name as entry element Aarogya
650 ## - SUBJECT ADDED ENTRY--TOPICAL TERM
Topical term or geographic name as entry element Vrudhaavasthaa
650 ## - SUBJECT ADDED ENTRY--TOPICAL TERM
Topical term or geographic name as entry element Vyaayaam
650 ## - SUBJECT ADDED ENTRY--TOPICAL TERM
Topical term or geographic name as entry element Yogaasane
942 ## - ADDED ENTRY ELEMENTS (KOHA)
Koha item type Book
Holdings
Withdrawn status Lost status Damaged status Not for loan Home library Current library Date acquired Total Checkouts Barcode Date last seen Price effective from
        Institute For Oriental Study, Thane Institute For Oriental Study, Thane 12/02/2009   IOS-16182 12/02/2009 12/02/2009